| 000 | 01257nam a22002417a 4500 | ||
|---|---|---|---|
| 999 |
_c1662 _d1662 |
||
| 003 | AR-CdUCM | ||
| 008 | 190227b ||||| |||| 00| 0 spa d | ||
| 040 |
_aMUNICIPALIDAD PROVINCIAL DEL CUSCO _cBIBLIOTECA MUNICIPAL DEL CUSCO |
||
| 082 |
_22ed. _a901 / _bC553 |
||
| 100 |
_aChilde, Vere Gordon _96178 |
||
| 245 | _aQué sucedió en la historia / | ||
| 260 |
_aBuenos Aires : _bEdicines Leviatán, _c1960. |
||
| 300 |
_a305 páginas ; _c20 cm. |
||
| 500 | _aTraducción de : What happened in history. Incluye referencias bibliográficas e índice. | ||
| 505 | _aContenido: Arqueología e historia -- El salvajismo paleolítico -- La barbarie neolítica -- La barbarie superior de la edad del cobre -- La revolución urbana en la Mesopotamia -- La primitiva civilización de la edad del bronce -- La primitiva edad del hierro -- El gobierno, la religión y la ciencia en la edad del hierro -- El apogeo de la civilización antigua -- Decadencia y derrumbe del mundo antiguo. | ||
| 650 |
_aCivilización antigua _91473 |
||
| 650 |
_aHistoria antigua _92710 |
||
| 650 |
_aHombre prehistórico _96179 |
||
| 700 |
_aWeinberg, Gregorio ( estudio preliminar) _96180 |
||
| 700 |
_aDukelsky, Elena (traducción) _96181 |
||
| 942 |
_2ddc _cLIBROS |
||
| 945 | _azta | ||